[Event "Biel MTO op 49th"]
[Site "Biel"]
[Date "2016.07.25"]
[Round "1"]
[White "Stoeri, Simon"]
[Black "Baklan, Vladimir"]
[Result "0-1"]
[WhiteElo "2229"]
[BlackElo "2618"]
[PlyCount "62"]
[EventDate "2016.07.25"]
[EventType "swiss"]
[EventRounds "9"]
[EventCountry "SUI"]
[SourceTitle "CBM 173 Extra"]
[Source "ChessBase"]
[SourceDate "2016.08.29"]
[SourceVersion "1"]
[SourceVersionDate "2016.08.29"]
[SourceQuality "1"]

1. e4 c5 2. Nc3 d6 3. d3 Nc6 4. g3 g6 5. Bg2 Bg7 6. Be3 Rb8 7. Qd2 b5 8. Nge2 b4 9. Nd1 Nd4 10. 0-0 e5 11. Nc1 h5 12. c3 bxc3 13. bxc3 h4 14. f4 hxg3 15. hxg3 exf4 16. Bxf4 Ne6 17. Ne2 Nf6 18. Ne3 Nh5 19. Nd5 Nexf4 20. Ndxf4 Qg5 21. Qe3 Bg4 22. Rab1 Rxb1 23. Rxb1 0-0 24. Bf3 Bh6 25. Kg2 Nf6 26. Qf2 Bc8 27. Rb2 Re8 28. Rb8 Qe5 29. Rb1 g5 30. Nh5 g4 31. Rh1 Nxh5 0-1

[Event "Barcelona Sant Marti op-A 17th"]
[Site "Barcelona"]
[Date "2015.07.19"]
[Round "7"]
[White "Font Purroy, Vicenc"]
[Black "Stoeri, Simon"]
[Result "0-1"]
[WhiteElo "2092"]
[BlackElo "2229"]
[PlyCount "66"]
[EventDate "2015.07.13"]
[EventType "swiss"]
[EventRounds "9"]
[EventCountry "ESP"]
[SourceTitle "CBM 167 Extra"]
[Source "ChessBase"]
[SourceDate "2015.09.14"]
[SourceVersion "1"]
[SourceVersionDate "2015.09.14"]
[SourceQuality "1"]

1. c4 Nf6 2. g3 g6 3. Bg2 Bg7 4. Nc3 0-0 5. Rb1 d6 6. b4 e5 7. e4 Nc6 8. Nge2 Nh5 9. d3 f5 10. b5 Nb8 11. f3 f4 12. g4 Qh4+ 13. Kd2 Nf6 14. h3 h5 15. Kc2 a6 16. Bd2 Qf2 17. Qg1 Qxg1 18. Nxg1 axb5 19. Rxb5 Nc6 20. Rb2 Nd4+ 21. Kb1 hxg4 22. hxg4 c6 23. Be1 Nd7 24. Nce2 Nc5 25. Nxd4 exd4 26. Bf1 Be5 27. Bb4 Na4 28. Rc2 Be6 29. Ne2 Rfb8 30. Nc1 b5 31. c5 dxc5 32. Bxc5 Nc3+ 33. Ka1 b4 0-1

[Event "Barcelona Sant Marti op-A 17th"]
[Site "Barcelona"]
[Date "2015.07.18"]
[Round "6"]
[White "Stoeri, Simon"]
[Black "Akbarinia, Sayed Arash"]
[Result "0-1"]
[WhiteElo "2229"]
[BlackElo "2413"]
[PlyCount "92"]
[EventDate "2015.07.13"]
[EventType "swiss"]
[EventRounds "9"]
[EventCountry "ESP"]
[SourceTitle "CBM 167 Extra"]
[Source "ChessBase"]
[SourceDate "2015.09.14"]
[SourceVersion "1"]
[SourceVersionDate "2015.09.14"]
[SourceQuality "1"]

1. e4 e6 2. d4 d5 3. Nd2 c5 4. exd5 exd5 5. Ngf3 Nc6 6. Bb5 Bd6 7. dxc5 Bxc5 8. 0-0 Nge7 9. Nb3 Bd6 10. Bg5 0-0 11. c3 Qc7 12. Nbd4 Bg4 13. Be2 a6 14. Bh4 Nxd4 15. Nxd4 Bxe2 16. Qxe2 Bxh2+ 17. Kh1 Bd6 18. Rad1 Ng6 19. Qh5 Nxh4 20. Qxh4 Rfe8 21. Nf5 Re5 22. Qg5 g6 23. g4 Qd8 24. Nh6+ Kg7 25. Nf5+ Kg8 26. Nh6+ Kf8 27. Qxd8+ Rxd8 28. f4 Re3 29. g5 Be7 30. Rd2 Re4 31. Kg2 d4 32. Kf3 Re3+ 33. Kf2 Re6 34. Rfd1 Bd6 35. f5 Ree8 36. fxg6 hxg6 37. Kg2 dxc3 38. bxc3 Bc7 39. Rf2 f5 40. Rb1 b5 41. Ng4 Bb6 42. Rf3 Rd2+ 43. Kf1 Kg7 44. Nf6 Rh8 45. Ke1 Rxa2 46. Rd1 Rh1+ 0-1

[Event "Barcelona Sant Marti op-A 17th"]
[Site "Barcelona"]
[Date "2015.07.16"]
[Round "4"]
[White "Stoeri, Simon"]
[Black "Jocher, Georg"]
[Result "1-0"]
[WhiteElo "2229"]
[BlackElo "1931"]
[PlyCount "35"]
[EventDate "2015.07.13"]
[EventType "swiss"]
[EventRounds "9"]
[EventCountry "ESP"]
[SourceTitle "CBM 167 Extra"]
[Source "ChessBase"]
[SourceDate "2015.09.14"]
[SourceVersion "1"]
[SourceVersionDate "2015.09.14"]
[SourceQuality "1"]

1. e4 c5 2. Nc3 a6 3. d3 b5 4. g3 Bb7 5. Bg2 e6 6. Nf3 Ne7 7. 0-0 Nc8 8. Re1 Be7 9. d4 cxd4 10. Qxd4 0-0 11. e5 d5 12. Qg4 Kh8 13. h4 Nb6 14. Ne2 Nc6 15. Nf4 Rc8 16. Nh5 Rg8 17. Ng5 Qf8 18. Nxh7 1-0

[Event "SUI-chT"]
[Site "Switzerland"]
[Date "2012.10.21"]
[Round "9.8"]
[White "Patuzzo, Fabrizio"]
[Black "Stoeri, Simon"]
[Result "1-0"]
[WhiteElo "2311"]
[BlackElo "2255"]
[PlyCount "59"]
[EventDate "2012.03.18"]
[EventType "team-tourn"]
[EventRounds "9"]
[EventCountry "SUI"]
[SourceTitle "EXT 2013"]
[Source "ChessBase"]
[SourceDate "2012.11.22"]
[SourceVersion "1"]
[SourceVersionDate "2012.11.22"]
[SourceQuality "1"]
[WhiteTeam "Mendrisio"]
[BlackTeam "Geneve"]
[WhiteTeamCountry "SUI"]
[BlackTeamCountry "SUI"]

1. Nf3 Nf6 2. c4 c5 3. g3 Nc6 4. d4 cxd4 5. Nxd4 g6 6. Nc3 Bg7 7. Bg2 0-0 8. Nc2 d6 9. 0-0 Be6 10. b3 Qd7 11. Re1 Rfd8 12. e4 a6 13. Bb2 Rab8 14. Nd5 Nxd5 15. exd5 Bxb2 16. dxe6 fxe6 17. Bh3 Qc7 18. Bxe6+ Kh8 19. Ne3 Rf8 20. Nd5 Qa5 21. b4 Qd8 22. Re4 Bg7 23. Rc1 a5 24. b5 Nb4 25. Nf4 g5 26. Nh3 Nxa2 27. Nxg5 h6 28. Rh4 Nxc1 29. Qc2 Ne2+ 30. Kh1 1-0

[Event "SUI-chB"]
[Site "Flims"]
[Date "2012.07.15"]
[Round "4"]
[White "Gara, Anita"]
[Black "Stoeri, Simon"]
[Result "1-0"]
[WhiteElo "2312"]
[BlackElo "2186"]
[PlyCount "51"]
[EventDate "2012.07.12"]
[EventType "swiss"]
[EventRounds "9"]
[EventCountry "SUI"]
[SourceTitle "CBM 149 Extra"]
[Source "ChessBase"]
[SourceDate "2012.08.24"]
[SourceVersion "1"]
[SourceVersionDate "2012.08.24"]
[SourceQuality "1"]

1. e4 c5 2. Nf3 d6 3. d4 Nf6 4. Nc3 cxd4 5. Nxd4 Nc6 6. Be2 e5 7. Nf3 h6 8. 0-0 Be7 9. Re1 0-0 10. b3 Bg4 11. Bb2 Rc8 12. h3 Bxf3 13. Bxf3 Nd4 14. Qd3 Qa5 15. Rec1 Rc7 16. Ne2 Nxf3+ 17. Qxf3 Nh7 18. c4 Kh8 19. Nc3 Bh4 20. g3 Bg5 21. Rd1 f5 22. exf5 g6 23. Rxd6 Rxf5 24. Qd5 Qxd5 25. Nxd5 Rcf7 26. f4 1-0

[Event "SUI-chB"]
[Site "Flims"]
[Date "2012.07.13"]
[Round "2"]
[White "Stoeri, Simon"]
[Black "Bauer, Christian"]
[Result "0-1"]
[WhiteElo "2186"]
[BlackElo "2681"]
[PlyCount "60"]
[EventDate "2012.07.12"]
[EventType "swiss"]
[EventRounds "9"]
[EventCountry "SUI"]
[SourceTitle "CBM 149 Extra"]
[Source "ChessBase"]
[SourceDate "2012.08.24"]
[SourceVersion "1"]
[SourceVersionDate "2012.08.24"]
[SourceQuality "1"]

1. e4 e6 2. d4 d5 3. Nd2 a6 4. c3 c5 5. exd5 exd5 6. dxc5 Bxc5 7. Ngf3 Nf6 8. Nb3 Bb6 9. Qe2+ Be6 10. Be3 0-0 11. 0-0-0 Re8 12. Nfd4 Bd7 13. f3 a5 14. Qf2 a4 15. Na1 a3 16. b3 Qc8 17. Qd2 Ba5 18. Ne2 Bb5 19. Bd4 Bxe2 20. Bxe2 Nc6 21. Bxf6 gxf6 22. Bb5 d4 23. Qf4 Nb4 24. Qxd4 Nxa2+ 25. Kc2 Bxc3 26. Qg4+ Qxg4 27. fxg4 Rac8 28. Bxe8 Nb4+ 29. Kc1 Bxa1+ 30. Kd2 Bc3+ 0-1

[Event "SUI-ch 111th"]
[Site "Leukerbad"]
[Date "2011.07.10"]
[Round "4"]
[White "Domont, Alexandre"]
[Black "Stoeri, Simon"]
[Result "1-0"]
[WhiteElo "2377"]
[BlackElo "2118"]
[PlyCount "107"]
[EventDate "2011.07.07"]
[EventType "swiss"]
[EventRounds "9"]
[EventCountry "SUI"]
[SourceTitle "CBM 143 Extra"]
[Source "ChessBase"]
[SourceDate "2011.08.29"]
[SourceVersion "1"]
[SourceVersionDate "2011.08.29"]
[SourceQuality "1"]

1. g3 d5 2. Nf3 Nf6 3. Bg2 c5 4. 0-0 Nc6 5. d4 Bf5 6. Be3 Qb6 7. b3 e6 8. Nc3 Ng4 9. dxc5 Nxe3 10. cxb6 Nxd1 11. Rfxd1 Bxc2 12. Rdc1 Bg6 13. Nb5 Kd8 14. Rxc6 bxc6 15. Nxa7 Bd6 16. Nxc6+ Kc8 17. Nce5 Kb7 18. Nxg6 hxg6 19. e4 dxe4 20. Ng5 Be5 21. Re1 Bc3 22. Rc1 Bd2 23. Bxe4+ Ka6 24. Rc5 Raf8 25. Nf3 Ba5 26. b7 Bb6 27. Rc4 Ba7 28. Ne5 Bb8 29. Ra4+ Kb5 30. Bd3+ Kb6 31. Nd7+ Kxb7 32. Nxf8 Rxf8 33. Be4+ Kb6 34. Rb4+ Kc5 35. Rc4+ Kb6 36. Rb4+ Kc5 37. Rc4+ Kb6 38. Rc6+ Ka5 39. Rc5+ Kb6 40. Rc2 Be5 41. Rc6+ Kb5 42. a4+ Kb4 43. Rb6+ Kc3 44. a5 Bd4 45. Rb5 f5 46. Bb7 f4 47. g4 f3 48. a6 Kd2 49. Rb4 Ba7 50. Re4 Kd3 51. Rxe6 Kc2 52. Re7 Rf4 53. Bxf3 Bc5 54. Rc7 1-0

[Event "Geneve YM-Masters"]
[Site "Geneve"]
[Date "2010.08.17"]
[Round "10"]
[White "Stoeri, Simon"]
[Black "Meszaros, Gyula"]
[Result "0-1"]
[WhiteElo "2058"]
[BlackElo "2437"]
[PlyCount "86"]
[EventDate "2010.08.07"]
[EventType "schev"]
[EventRounds "10"]
[EventCountry "SUI"]
[SourceTitle "CBM 138 Extra"]
[Source "ChessBase"]
[SourceDate "2010.10.29"]
[SourceVersion "1"]
[SourceVersionDate "2010.10.29"]
[SourceQuality "1"]

1. e4 g6 2. d4 Bg7 3. Nc3 d6 4. Bg5 a6 5. Qd2 b5 6. a4 b4 7. Nce2 c5 8. c3 bxc3 9. bxc3 Qa5 10. Be3 Nf6 11. f3 0-0 12. Nc1 Nc6 13. Bc4 Rb8 14. Nge2 cxd4 15. cxd4 d5 16. exd5 Nb4 17. Bf4 Nfxd5 18. Bxd5 e5 19. Be4 exf4 20. 0-0 g5 21. Nb3 Qd8 22. Rab1 Be6 23. Nc5 Bc4 24. d5 Bxe2 25. Rfc1 f5 26. Ne6 Qb6+ 27. Kh1 fxe4 28. Qxe2 exf3 29. Qxf3 Qe3 30. Rc7 Be5 31. Qh5 Qe4 32. Qxg5+ Kh8 33. Rbc1 Nxd5 34. Rxh7+ Kxh7 35. Qh5+ Kg8 36. Qg4+ Kh8 37. Qh5+ Qh7 38. Qxe5+ Nf6 39. Nxf8 Rxf8 40. h3 f3 41. Rc7 fxg2+ 42. Kxg2 Qg6+ 43. Kh2 Rg8 0-1

[Event "Geneve YM-Masters"]
[Site "Geneve"]
[Date "2010.08.16"]
[Round "9"]
[White "Dovzik, Juri"]
[Black "Stoeri, Simon"]
[Result "1/2-1/2"]
[WhiteElo "2381"]
[BlackElo "2058"]
[PlyCount "33"]
[EventDate "2010.08.07"]
[EventType "schev"]
[EventRounds "10"]
[EventCountry "SUI"]
[SourceTitle "CBM 138 Extra"]
[Source "ChessBase"]
[SourceDate "2010.10.29"]
[SourceVersion "1"]
[SourceVersionDate "2010.10.29"]
[SourceQuality "1"]

1. e4 e5 2. Nf3 Nc6 3. Bb5 a6 4. Ba4 Nf6 5. 0-0 Be7 6. Re1 b5 7. Bb3 0-0 8. h3 Bb7 9. d3 d5 10. exd5 Nxd5 11. Nxe5 Nd4 12. Nf3 Nxb3 13. axb3 Nb4 14. Na3 Bf6 15. Bd2 c5 16. Rb1 Qd6 17. Be3 1/2-1/2

[Event "Geneve YM-Masters"]
[Site "Geneve"]
[Date "2010.08.14"]
[Round "7"]
[White "Okhotnik, Vladimir"]
[Black "Stoeri, Simon"]
[Result "1-0"]
[WhiteElo "2467"]
[BlackElo "2058"]
[PlyCount "47"]
[EventDate "2010.08.07"]
[EventType "schev"]
[EventRounds "10"]
[EventCountry "SUI"]
[SourceTitle "CBM 138 Extra"]
[Source "ChessBase"]
[SourceDate "2010.10.29"]
[SourceVersion "1"]
[SourceVersionDate "2010.10.29"]
[SourceQuality "1"]

1. d4 Nf6 2. Nf3 g6 3. Nc3 d5 4. Bf4 Bg7 5. e3 0-0 6. Be2 c6 7. Ne5 Nbd7 8. h4 Qb6 9. a3 Nxe5 10. Bxe5 Ne4 11. Nxe4 Bxe5 12. dxe5 dxe4 13. Qd4 Rd8 14. Qc3 Be6 15. Rd1 Rxd1+ 16. Kxd1 Rd8+ 17. Kc1 c5 18. h5 Qc6 19. f4 exf3 20. gxf3 b5 21. Qa5 Rb8 22. Qxa7 Ra8 23. Qxe7 b4 24. hxg6 1-0

[Event "Geneve YM-Masters"]
[Site "Geneve"]
[Date "2010.08.13"]
[Round "6"]
[White "Stoeri, Simon"]
[Black "Peric, Slavisa"]
[Result "1-0"]
[WhiteElo "2058"]
[BlackElo "2215"]
[PlyCount "61"]
[EventDate "2010.08.07"]
[EventType "schev"]
[EventRounds "10"]
[EventCountry "SUI"]
[SourceTitle "CBM 138 Extra"]
[Source "ChessBase"]
[SourceDate "2010.10.29"]
[SourceVersion "1"]
[SourceVersionDate "2010.10.29"]
[SourceQuality "1"]

1. e4 e6 2. d4 d5 3. Nd2 h6 4. Ngf3 Nf6 5. e5 Nfd7 6. Bd3 b6 7. Qe2 c5 8. c3 a5 9. 0-0 Be7 10. Re1 Ba6 11. Bxa6 Nxa6 12. Nf1 c4 13. Ng3 b5 14. Nh5 g6 15. Nf4 Nb6 16. g3 b4 17. h4 g5 18. Ng2 Kd7 19. Rb1 Nc7 20. Bd2 Rg8 21. hxg5 hxg5 22. b3 Qf8 23. Ne3 bxc3 24. Bxc3 Nb5 25. Rec1 Na3 26. bxc4 Na4 27. cxd5 Nxc3 28. Rxc3 Nxb1 29. Qb5+ Kd8 30. Qb6+ Ke8 31. Qc6+ 1-0

[Event "Geneve YM-Masters"]
[Site "Geneve"]
[Date "2010.08.09"]
[Round "3"]
[White "Hajnal, Zoltan"]
[Black "Stoeri, Simon"]
[Result "1-0"]
[WhiteElo "2397"]
[BlackElo "2058"]
[PlyCount "53"]
[EventDate "2010.08.07"]
[EventType "schev"]
[EventRounds "10"]
[EventCountry "SUI"]
[SourceTitle "CBM 138 Extra"]
[Source "ChessBase"]
[SourceDate "2010.10.29"]
[SourceVersion "1"]
[SourceVersionDate "2010.10.29"]
[SourceQuality "1"]

1. e4 c5 2. Nf3 d6 3. d4 cxd4 4. Qxd4 Nc6 5. Bb5 Bd7 6. Bxc6 Bxc6 7. Nc3 Nf6 8. Bg5 e6 9. 0-0-0 Be7 10. Rhe1 0-0 11. Qd2 Qc7 12. Nd4 Rfd8 13. f3 a6 14. g4 b5 15. h4 Rac8 16. Kb1 Bd7 17. Rg1 Kh8 18. h5 Qc4 19. h6 b4 20. hxg7+ Kg8 21. Nce2 e5 22. Bxf6 Bxf6 23. Nf5 Bxf5 24. gxf5 d5 25. Ng3 dxe4 26. Nxe4 Bg5 27. Rxg5 1-0

[Event "SUI-ch op"]
[Site "Lenzerheide"]
[Date "2010.07.10"]
[Round "3"]
[White "Stoeri, Simon"]
[Black "Filipovic, Branko"]
[Result "0-1"]
[WhiteElo "2058"]
[BlackElo "2415"]
[PlyCount "94"]
[EventDate "2010.07.08"]
[EventType "swiss"]
[EventRounds "9"]
[EventCountry "SUI"]
[SourceTitle "CBM 137 Extra"]
[Source "ChessBase"]
[SourceDate "2010.09.01"]
[SourceVersion "1"]
[SourceVersionDate "2010.09.01"]
[SourceQuality "1"]

1. e4 b6 2. Nf3 Bb7 3. Bd3 c5 4. c3 Nf6 5. Qe2 e6 6. 0-0 Be7 7. Re1 d5 8. e5 Nfd7 9. Bc2 Nc6 10. d4 cxd4 11. cxd4 Nb4 12. Ba4 Ba6 13. Qe3 Nd3 14. Rd1 Nxc1 15. Rxc1 b5 16. Bc2 Nb6 17. b3 b4 18. a3 bxa3 19. Nxa3 0-0 20. Nb1 Bc8 21. Qd3 g6 22. Nc3 Bd7 23. g3 Qb8 24. h4 Rc8 25. h5 Be8 26. hxg6 fxg6 27. Kg2 Nd7 28. Nh2 Nf8 29. Ng4 h5 30. Nh2 Qb4 31. Nd1 Rc7 32. Qe3 Rac8 33. Ra2 Bd8 34. Nf3 Qe7 35. Ne1 Qg5 36. Nd3 Qxe3 37. Nxe3 Rc3 38. Nc5 R8xc5 39. dxc5 d4 40. Nd1 Rxc5 41. Raa1 Rxe5 42. Rxa7 Bc6+ 43. Kf1 Bb5+ 44. Kg2 Bb6 45. Raa1 d3 46. Bb1 Re1 47. Ra2 e5 0-1

[Event "Zuerich Champions sim"]
[Site "Zuerich"]
[Date "2009.08.23"]
[Round "1"]
[White "Spassky, Boris Vasilievich"]
[Black "Stoeri, Simon"]
[Result "1/2-1/2"]
[WhiteElo "2548"]
[BlackElo "1974"]
[PlyCount "44"]
[EventDate "2009.08.23"]
[EventType "simul"]
[EventRounds "1"]
[EventCountry "SUI"]
[SourceTitle "CBM 131 Extra"]
[Source "ChessBase"]
[SourceDate "2009.09.03"]
[SourceVersion "2"]
[SourceVersionDate "2009.09.16"]
[SourceQuality "1"]

1. e4 c5 2. Nc3 Nc6 3. g3 g6 4. Bg2 Bg7 5. d3 d6 6. f4 e6 7. Nf3 Nge7 8. 0-0 0-0 9. Be3 b6 10. d4 Ba6 11. Re1 d5 12. e5 Nf5 13. Bf2 cxd4 14. Ne2 d3 15. cxd3 Qd7 16. Ned4 Nfxd4 17. Nxd4 Nxd4 18. Bxd4 Rfc8 19. Qd2 Qa4 20. Qe3 Bf8 21. Bc3 Rab8 22. d4 Rc7 1/2-1/2

[Event "SUI-ch"]
[Site "Graechen"]
[Date "2009.07.15"]
[Round "7"]
[White "Stoeri, Simon"]
[Black "Wyss, Jonas"]
[Result "1/2-1/2"]
[WhiteElo "1974"]
[BlackElo "2269"]
[PlyCount "150"]
[EventDate "2009.07.09"]
[EventType "swiss"]
[EventRounds "9"]
[EventCountry "SUI"]
[SourceTitle "CBM 131 Extra"]
[Source "ChessBase"]
[SourceDate "2009.09.03"]
[SourceVersion "2"]
[SourceVersionDate "2009.09.16"]
[SourceQuality "1"]

1. e4 c5 2. Nf3 d6 3. d4 cxd4 4. Nxd4 Nf6 5. Nc3 a6 6. Be3 e5 7. Nb3 Be6 8. f3 Be7 9. Qd2 0-0 10. 0-0-0 Nbd7 11. g4 b5 12. g5 b4 13. Ne2 Ne8 14. f4 a5 15. f5 a4 16. fxe6 axb3 17. exf7+ Rxf7 18. Kb1 bxc2+ 19. Kxc2 Nc5 20. Nc1 Nxe4 21. Qd5 Nxg5 22. Bxg5 Bxg5 23. Bc4 Raa7 24. Rhf1 Bf4 25. Qd3 Rac7 26. Kb1 d5 27. Bxd5 Kh8 28. Qe4 Nf6 29. Qf3 Rfd7 30. Bb3 Rxd1 31. Rxd1 Rxc1+ 32. Rxc1 Bxc1 33. Kxc1 e4 34. Qe3 h6 35. Bc2 Qd5 36. a3 bxa3 37. bxa3 Qe5 38. h3 g5 39. a4 Kg7 40. Qa7+ Kg6 41. Qe3 Kh5 42. a5 Qxa5 43. Qe2+ Kg6 44. Bxe4+ Nxe4 45. Qxe4+ Qf5 46. Qe8+ Qf7 47. Qe4+ Kg7 48. Qd4+ Qf6 49. Qd7+ Kg6 50. Qe8+ Kf5 51. Qh5 Qd6 52. Qg4+ Kf6 53. Qh5 Kg7 54. Kb2 Qg6 55. Qe2 h5 56. Qe7+ Kh6 57. Kc1 Qc6+ 58. Kd2 Kg6 59. Qf8 Qd5+ 60. Ke1 h4 61. Ke2 Qe6+ 62. Kd1 Qxh3 63. Qe8+ Kg7 64. Qe5+ Kg6 65. Qe8+ Kf6 66. Qh8+ Kf7 67. Qh7+ Ke6 68. Qg6+ Ke5 69. Qxg5+ Ke4 70. Qg6+ Ke3 71. Qb6+ Kf3 72. Qc6+ Kf2 73. Qc5+ Qe3 74. Qxe3+ Kxe3 75. Ke1 Kf3 1/2-1/2

[Event "SUI-ch U14"]
[Site "Winterthur"]
[Date "2007.10.06"]
[Round "3"]
[White "Seitz, Benjamin"]
[Black "Stoeri, Simon"]
[Result "1-0"]
[WhiteElo "1979"]
[BlackElo "1900"]
[PlyCount "81"]
[EventDate "2007.10.05"]
[EventType "swiss"]
[EventRounds "7"]
[EventCountry "SUI"]
[SourceTitle "EXT 2009"]
[Source "ChessBase"]
[SourceDate "2008.11.26"]
[SourceVersion "1"]
[SourceVersionDate "2008.11.26"]
[SourceQuality "1"]

1. Nf3 Nf6 2. d4 g6 3. Bg5 Bg7 4. Nbd2 0-0 5. e3 d6 6. Bd3 Nbd7 7. c3 e5 8. 0-0 h6 9. Bxf6 Bxf6 10. b4 exd4 11. cxd4 Bg7 12. Qb3 Kh8 13. Rac1 Nf6 14. b5 Bd7 15. a4 g5 16. Ne1 Rc8 17. Nc4 b6 18. Nc2 Ng8 19. Nb4 Ne7 20. Rc2 f5 21. Rfc1 Be6 22. Qb1 f4 23. Nd2 fxe3 24. fxe3 Bf5 25. Nc6 Qe8 26. Rc3 Bd7 27. Nxe7 Qxe7 28. Be4 Bg4 29. Qd3 Rf7 30. h3 Be6 31. Bb7 Rcf8 32. Rxc7 Qf6 33. Rxf7 Qxf7 34. Be4 d5 35. Bf3 h5 36. Rf1 Bf6 37. Qe2 g4 38. hxg4 h4 39. g5 Bxg5 40. Bxd5 Bg4 41. Rxf7 1-0